Women's identities at war : gender, motherhood, and politics in Britain and France during the First World War
Αποθηκεύτηκε σε:
| Κύριος συγγραφέας: | |
|---|---|
| Μορφή: | Βιβλίο |
| Γλώσσα: | English |
| Δημοσίευση: |
Chapel Hill, N.C. :
University of North Carolina Press,
c1999
|
| Θέματα: | |
| Ετικέτες: |
Προσθήκη ετικέτας
Δεν υπάρχουν, Καταχωρήστε ετικέτα πρώτοι!
|
MARC
| LEADER | 00000nam a2200000 i 4500 | ||
|---|---|---|---|
| 001 | 1/30691 | ||
| 008 | 060602s1999 eng d | ||
| 020 | |a 0-8078-4810-7 | ||
| 035 | |l 10084213 | ||
| 040 | |a GR-MY-UA |b gre |e aacr | ||
| 041 | 0 | |a eng | |
| 082 | 0 | |a 940.53082 |2 (22) | |
| 100 | 1 | |a Grayzel, Susan R. | |
| 245 | 1 | 0 | |a Women's identities at war : |b gender, motherhood, and politics in Britain and France during the First World War / |c Susan R. Grayzel |
| 260 | |a Chapel Hill, N.C. : |b University of North Carolina Press, |c c1999 | ||
| 300 | |a xix, 334 σ.; |b εικ.; |c 25 εκ. | ||
| 504 | |a Περιέχει βιβλιογραφία (σ. [297]-322) και ευρετήριο | ||
| 650 | 0 | 0 | |a World War, 1914-1918 |x Women |z Great Britain. |
| 650 | 0 | 0 | |a World War, 1914-1918 |x Women |z France. |
| 650 | 0 | 0 | |a Women |x Identity. |
| 650 | 0 | 0 | |a Women |z Great Britain |x History |y 20th century. |
| 650 | 0 | 0 | |a Women |z France |x History |y 20th century. |
| 852 | |a INST |b LESVOS |e 20060602 |h 940.53082 GRA |p 005100035814 |q 005100035814 |t BK |y 0 | ||
| 901 | |a BIBL1-2006-2 | ||
| 909 | |a Λ |b 128578 | ||
| 920 | |a ΕΠΕΑΕΚ ΚΟΙΝΩΝΙΚΗΣ ΑΝΘΡΩΠΟΛΟΓΙΑΣ ΚΑΙ ΙΣΤΟΡΙΑΣ |y ΛΕΣΒΟΣ |z 2006-05 | ||
| 970 | |a ΚΑΡΑ |b ΓΙΑΣΕΜΗ |z 2006/06/02 | ||